000 00521nam a2200193 a 4500
005 20140310183451.0
008 090108s19uu xx 00 eng d
020 _a9781412940191
050 _aJZ 1320
_b.G67 2008
100 _aGopinath, C.
245 _aGlobalization :
_ba multidimensional system /
_cC. Gopinath
260 _aLos Angeles :
_bSage Publication,
_c2008.
300 _a255 p. :
_c23 cm.
521 _aBSBA
650 _aBSBA.
650 _aGlobalization.
942 _cBK
_2lcc
_kFOR
999 _c23426
_d23426